| 000 | 00920cam a22002895a 4500 | ||
|---|---|---|---|
| 001 | 16864724 | ||
| 005 | 20160224145819.0 | ||
| 008 | 110711t2013 maua frbd 001 0 eng d | ||
| 010 | _a 2011028812 | ||
| 020 | _a9781449646752 (casebound) | ||
| 035 | _a(OCoLC)ocn741355706 | ||
| 040 |
_aDLC _beng _cDLC _dYDX _dYDXCP _dBWX _dDLC _dEG-ScBUE |
||
| 082 | 0 | 4 |
_a005.73 _bDAL _222 |
| 100 | 1 |
_aDale, Nell B. _99645 |
|
| 245 | 1 | 0 |
_aC++ : _bplus data structures / _cNell Dale. |
| 250 | _a5th ed. | ||
| 260 |
_aBurlington : _bJones & Bartlett Learning, _cc.2013. |
||
| 300 |
_axiv, 801 p. : _bill. ; _c24 cm. |
||
| 500 | _aIndex : p. [774]-801. | ||
| 500 | _aIncludes glossary. | ||
| 504 | _aIncludes bibliographical references. | ||
| 650 | 7 |
_aC++ (Computer program language) _2BUEsh _93406 |
|
| 650 | 7 |
_aData structures (Computer science) _2BUEsh _912448 |
|
| 651 | _2BUEsh | ||
| 653 |
_bCOMSCI _cFebruary2016 |
||
| 942 | _2ddc | ||
| 999 |
_c21241 _d21213 |
||